| 000 | 00901nam a22002297a 4500 | ||
|---|---|---|---|
| 999 |
_c5418 _d5418 |
||
| 003 | AR-CdUCM | ||
| 008 | 190312b ||||| |||| 00| 0 spa d | ||
| 040 |
_aMUNICIPALIDAD PROVINCIAL DEL CUSCO _cBIBLIOTECA MUNICIPAL DEL CUSCO |
||
| 082 |
_a986.22 / _bL91 |
||
| 100 |
_aLozano Castro, Alfredo _916318 |
||
| 245 |
_aCuenca ciudad prehispana : _bsignificado y forma / |
||
| 260 |
_aCuenca : _bAbya-yala, _c1991. |
||
| 300 |
_a227 paginas ; _bIlustraciones, _c21.5 cm. |
||
| 500 | _aDedicatoria | ||
| 505 | _aIntroducción histórica a la organización socio-cultural y económica de la región andina -- Configuración territorial andina -- Concepción y representación del espacio andino ... | ||
| 650 |
_aTerritorialidad andina _916319 |
||
| 650 |
_aHistoria _9136 |
||
| 650 |
_asocio-cultural y económica _916320 |
||
| 650 |
_aInfraestructura vial _916321 |
||
| 942 |
_2ddc _cLIBROS |
||
| 945 | _aacv | ||